Trendy rozvoja výrobnej logistiky diplomová práca

Guardado en:
Detalles Bibliográficos
Autor principal: Hanková, Hana
Autor Corporativo: Fakulta podnikového manažmentu EU. Katedra manažmentu výroby a logistiky - zrušená
Otros Autores: Stern, Juraj
Formato: Libro
Lenguaje:eslovaco
Publicado: Bratislava 2013
Etiquetas: Agregar Etiqueta
Sin Etiquetas, Sea el primero en etiquetar este registro!

MARC

LEADER 00000nbm a2200000 4500
001 0171027
005 20161109102425.3
041 0 |a slo 
044 |a SK 
245 1 0 |a Trendy rozvoja výrobnej logistiky  |b diplomová práca  |c Hana Hanková ; školiteľ: Juraj Stern 
264 1 |a Bratislava  |c 2013 
300 |a 70 s. 
100 1 |a Hanková, Hana 
700 1 |a Stern, Juraj 
710 2 |a Fakulta podnikového manažmentu EU. Katedra manažmentu výroby a logistiky - zrušená